000 00486nmm a2200157Ia 4500
008 251105s9999||||xx |||||||||||||||||und||
020 _a9788497433808
041 _aspa
100 _aRosal Cortés, Ramon
245 0 _aNaufragio y rescate de un proyecto vital :
_b Testimonio de un ex cura-del-Opus-Dei
264 _a[Madrid, España] :
_bMilenio,
_c2010
300 _a432 páginas
650 _aReligion(s)
856 _uhttps://public.digitaliapublishing.com/a/21264
942 _cCF
999 _c90527
_d90527